书目信息 |
| 题名: |
微机原理与接口技术
|
|
| 作者: | 李泽中 主编 | |
| 分册: | ||
| 出版信息: | 重庆 重庆大学出版社 2004.8 |
|
| 页数: | 278页 | |
| 开本: | 26cm | |
| 丛书名: | 高职高专计算机系列教材 | |
| 单 册: | ||
| 中图分类: | TP36 | |
| 科图分类: | ||
| 主题词: | 微型计算机--理论--高等学校: 技术学校--教材 , 微型计算机--接口--高等学校: 技术学校--教材 | |
| 电子资源: | ||
| ISBN: | 7-5624-3165-5 | |
| 000 | 00782nam2 2200253 45 | |
| 001 | 012004000000 | |
| 005 | 20041202102338.81 | |
| 010 | @a7-5624-3165-5@dCNY 19.50 | |
| 100 | @a20041009d2004 em y0chiy0121 ea | |
| 101 | 0 | @achi |
| 102 | @aCN@b500000 | |
| 105 | @aak z 000yy | |
| 200 | 1 | @a微机原理与接口技术@Awei ji yuan li yu jie kou ji shu@f李泽中主编 |
| 210 | @a重庆@c重庆大学出版社@d2004.8 | |
| 215 | @a278页@c图, 表格@d26cm | |
| 225 | 2 | @a高职高专计算机系列教材 |
| 320 | @a本书含附录 | |
| 410 | 0 | @12001 @a高职高专计算机系列教材 |
| 606 | 0 | @a微型计算机@x理论@x高等学校: 技术学校@j教材 |
| 606 | 0 | @a微型计算机@x接口@x高等学校: 技术学校@j教材 |
| 690 | @aTP36@v4 | |
| 701 | 0 | @a李泽中@Ali ze zhong@4主编 |
| 801 | 0 | @aCN@bQSSKt@c20041202 |
| 905 | @a10447@dTP36@eL330 | |
| 微机原理与接口技术/李泽中主编.-重庆:重庆大学出版社,2004.8 |
| 278页:图, 表格;26cm.-(高职高专计算机系列教材) |
| ISBN 7-5624-3165-5:CNY 19.50 |
| ● |
| 相关链接 |
|
|
|
正题名:微机原理与接口技术
索取号:TP36/L330
 
预约/预借
| 序号 | 登录号 | 条形码 | 馆藏地/架位号 | 状态 | 备注 |
| 1 | 429368 | 204293683 | 自科库301/301自科库 85排2列5层/ [索取号:TP36/L330] | 在馆 | |
| 2 | 429369 | 204293692 | 自科库301/301自科库 92排1列2层/ [索取号:TP36/L330] | 在馆 | |
| 3 | 429370 | 204293709 | 自科库301/301自科库 92排1列2层/ [索取号:TP36/L330] | 在馆 |